00859 2200325 4500001002100000005001500021035002000036007000300056040001700059043000900076100006700085245002500152250001400177300003200191020002200223041001300245082002000258084002000278264004000298336001500338337001300353338001500366650002000381850001200401990002400413990002400437990002400461990002400485990002400509INLIS00000000106916620260602085820 a0010-0626000017ta aJKPNPNAbRDA aa-io aFidelaratTERSESAT DI RANUPANEtFidelaratTERSESAT DI RANUPANE aTERSESAT DI RANUPANE aCetakan I a22 Hlm :bIlustrasi ;c25cm a978-979-26-7154-4 aRDAbIND a899.221 3 FID t a899.221 3 FID t aJakarta :bANAKSALEH PRATAMA,c2008 2rdacontent 2rdamedia 2rdacarrier aFiksi Indonesia aJKPNPNA a48247/DAU PEND/2025 a48248/DAU PEND/2025 a48249/DAU PEND/2025 a48250/DAU PEND/2025 a48251/DAU PEND/2025